000
00277nam a2200121Ia 4500
008
190902s9999||||xx |||||||||||||| ||und||
020
_a
0-486-23940-3
100
_a
Miriam Kaplan
245
0
_a
Earth Song
260
_a
India
_b
The McGraw-Hill
_c
1998
300
_a
82
942
_c
BK
999
_c
2745
_d
2745